[Event "Brno Open 2022 - A IM Round Robin"]
[Site "Bobycentrum hotel, Brno"]
[Date "2022.11.17"]
[Round "6"]
[Board "1"]
[White "Flasik, Radoslav"]
[Black "Nemec, Jachym"]
[Result "0-1"]
[WhiteElo "2122"]
[BlackElo "2341"]
[PlyCount "180"]
[EventDate "2022.11.12"]
[EventRounds "9"]
[EventCountry "CZE"]

1. d4 Nf6 2. c4 g6 3. Nf3 Bg7 4. g3 d5 5. Bg2 dxc4 6. Qa4+ Nfd7 7. O-O O-O 8. Qxc4
Nb6 9. Qc2 Nc6 10. Rd1 Bf5 11. e4 Bg4 12. d5 Bxf3 13. Bxf3 Nd4 14. Qd3 c6 15. Nc3
cxd5 16. exd5 Rc8 17. Bg2 Nc4 18. Ne2 Nf5 19. Rb1 Qb6 20. b3 Ne5 21. Qe4 Qa6 22.
Bf4 Nd6 23. Qe3 Ng4 24. Qd2 Rfd8 25. h3 Nf6 26. Rbc1 Nf5 27. Be5 h5 28. Nd4 Rxc1
29. Rxc1 Bh6 30. Bf4 Nxd4 31. Qxd4 Bxf4 32. Qxf4 Qxa2 33. Rc7 Qxb3 34. Rxe7 Qb1+
35. Kh2 Qb6 36. Qc7 Qxc7 37. Rxc7 Rd7 38. d6 Rxd6 39. Rxb7 Rd7 40. Rb8+ Kg7 41. Ra8
Ng8 42. Bf3 Ne7 43. Kg2 Rc7 44. h4 Kf6 45. g4 hxg4 46. Bxg4 Nd5 47. Kg3 Nb6 48. Rb8
Nc4 49. Be2 Nd6 50. h5 Rc2 51. Bd1 Rd2 52. Bf3 Nf5+ 53. Kg2 Nh4+ 54. Kg3 Nxf3 55.
Kxf3 gxh5 56. Ra8 Ra2 57. Rh8 Kg6 58. Rg8+ Kf5 59. Rh8 Ra3+ 60. Kg2 Kg6 61. Rg8+
Kh6 62. Rh8+ Kg6 63. Rg8+ Kh7 64. Rc8 Kg7 65. Rc6 a5 66. Ra6 Ra1 67. Kg3 a4 68. Kg2
a3 69. Kh2 f6 70. Kg2 Kg6 71. Kh2 Kg5 72. Ra4 a2 73. Kg2 h4 74. Ra5+ f5 75. Ra4 h3+
76. Kh2 Kh5 77. Ra8 Kg4 78. Ra3 Kf4 79. Ra8 Ke4 80. Ra3 f4 81. Ra7 Kf3 82. Ra4 Ke2
83. Re4+ Kd3 84. Ra4 f3 85. Ra3+ Ke2 86. Ra5 Kxf2 87. Ra3 Ke2 88. Ra8 f2 89. Re8+
Kd3 90. Rd8+ Ke4  0-1

[Event "Brno Open 2022 - A IM Round Robin"]
[Site "Bobycentrum hotel, Brno"]
[Date "2022.11.17"]
[Round "6"]
[Board "2"]
[White "Hoefelsauer, Thomas"]
[Black "Wiley, Tom E"]
[Result "1-0"]
[WhiteElo "2349"]
[BlackElo "2116"]
[PlyCount "193"]
[EventDate "2022.11.12"]
[EventRounds "9"]
[EventCountry "CZE"]

1. Nf3 Nf6 2. c4 e6 3. b3 d5 4. Bb2 Be7 5. e3 O-O 6. Be2 c5 7. O-O Nc6 8. cxd5 Nxd5
9. Nc3 b6 10. Qc2 Bb7 11. Rac1 Nxc3 12. Bxc3 Bf6 13. Rfd1 Rc8 14. Qb2 Bxc3 15. Qxc3
h6 16. h3 Qe7 17. Ne5 Nxe5 18. Qxe5 Rfd8 19. d4 cxd4 20. Rxc8 Bxc8 21. Rxd4 Rxd4
22. exd4 f6 23. Qb8 Qb7 24. Qg3 Bd7 25. Bc4 b5 26. Bd3 Bc6 27. Qd6 Kf7 28. Bh7 Be4
29. Bxe4 Qxe4 30. Qd7+ Kg6 31. Qxb5 Qxd4 32. a4 e5 33. Qe2 f5 34. Qe3 a5 35. Qe1
Qc5 36. g4 e4 37. Qe2 Qc3 38. gxf5+ Kxf5 39. Qg4+ Kf6 40. Qf4+ Ke6 41. Qxe4+ Kd6
42. Qf4+ Kc5 43. Qf8+ Kd5 44. Qd8+ Ke4 45. Qe8+ Kd3 46. Qb5+ Kc2 47. Kg2 Kd2 48.
f3 Ke3 49. Qb6+ Kf4 50. Qd6+ Qe5 51. Qd2+ Qe3 52. Qd1 Qc3 53. Qe2 Qd4 54. Qc2 Ke3
55. Qf2+ Kd3 56. Qe1 Qc3 57. Qe4+ Kd2 58. Qd5+ Kc2 59. Kg3 Qe1+ 60. Kg4 Qg1+ 61.
Kh5 Qg5+ 62. Qxg5 hxg5 63. b4 axb4 64. a5 b3 65. a6 b2 66. a7 b1=Q 67. a8=Q Qb6 68.
Qe4+ Kd2 69. Kxg5 Qf6+ 70. Kg4 Kc3 71. f4 Kd2 72. h4 Qf7 73. Qd4+ Ke2 74. f5 Qf8
75. h5 Qe7 76. Qc4+ Kf2 77. Qa2+ Kg1 78. Qb1+ Kg2 79. Qc2+ Kg1 80. Qd1+ Kf2 81. Qd2+
Kf1 82. Qd3+ Kf2 83. Qd4+ Kg2 84. Qd5+ Kf2 85. Qe6 Qb4+ 86. Kg5 Qd4 87. Kg6 Qg4+
88. Kh7 Qxh5+ 89. Kxg7 Qg5+ 90. Kf7 Kf3 91. f6 Kf4 92. Ke8 Qb5+ 93. Ke7 Kg5 94. f7
Qb7+ 95. Kf8 Qb4+ 96. Kg7 Qb2+ 97. Kg8  1-0

[Event "Brno Open 2022 - A IM Round Robin"]
[Site "Bobycentrum hotel, Brno"]
[Date "2022.11.17"]
[Round "6"]
[Board "3"]
[White "Pisk, Petr"]
[Black "Finek, Vaclav"]
[Result "0-1"]
[WhiteElo "2328"]
[BlackElo "2404"]
[PlyCount "112"]
[EventDate "2022.11.12"]
[EventRounds "9"]
[EventCountry "CZE"]

1. d4 Nf6 2. Nf3 g6 3. Nc3 d5 4. Bf4 Bg7 5. e3 O-O 6. Be2 c5 7. Ne5 cxd4 8. exd4
Nc6 9. O-O Bf5 10. Re1 Rc8 11. g4 Be6 12. Bf3 a6 13. h3 b5 14. Nxc6 Rxc6 15. Be5
Bh6 16. h4 b4 17. Na4 Nd7 18. g5 Nxe5 19. gxh6 Nxf3+ 20. Qxf3 Rxc2 21. Qe3 Qd6 22.
Rac1 Rxc1 23. Rxc1 f6 24. Re1 Kf7 25. Nc5 Bc8 26. f4 Re8 27. Qg3 a5 28. Kf2 Bf5 29.
Ke3 e6 30. Rc1 Re7 31. h5 g5 32. Rg1 g4 33. Qh4 Re8 34. Rc1 Re7 35. Nb3 Qb8 36. Qe1
Be4 37. Nc5 Bf5 38. Nb3 a4 39. Nc5 Qb5 40. Kf2 Qb8 41. Kg3 Qf8 42. Qxb4 Qxh6 43.
Nb7 Qxh5 44. Nd6+ Kg6 45. Nxf5 Qh3+ 46. Kf2 Rf7 47. Ne7+ Kg7 48. Rc8 Qf3+ 49. Ke1
g3 50. Rg8+ Kh6 51. f5 Qf2+ 52. Kd1 g2 53. fxe6 g1=Q+ 54. Rxg1 Qxg1+ 55. Kc2 Qf2+
56. Kd1 Rg7  0-1

[Event "Brno Open 2022 - A IM Round Robin"]
[Site "Bobycentrum hotel, Brno"]
[Date "2022.11.17"]
[Round "6"]
[Board "4"]
[White "Mannion, Stephen R"]
[Black "Meszaros, Andras"]
[Result "1/2-1/2"]
[WhiteElo "2227"]
[BlackElo "2161"]
[PlyCount "39"]
[EventDate "2022.11.12"]
[EventRounds "9"]
[EventCountry "CZE"]

1. e4 e5 2. Nf3 Nc6 3. Bb5 a6 4. Ba4 Nf6 5. O-O Be7 6. Re1 b5 7. Bb3 O-O 8. d4 d6
9. c3 Bg4 10. Be3 Na5 11. dxe5 Bxf3 12. Qxf3 dxe5 13. Bc2 Nc4 14. Bc1 Qd7 15. h3
b4 16. b3 Nb6 17. Nd2 Rfe8 18. Nf1 Qe6 19. Ng3 g6 20. Be3  1/2-1/2

[Event "Brno Open 2022 - A IM Round Robin"]
[Site "Bobycentrum hotel, Brno"]
[Date "2022.11.17"]
[Round "6"]
[Board "5"]
[White "Szwed, Jacek"]
[Black "Kusa, Jakub"]
[Result "0-1"]
[WhiteElo "2379"]
[BlackElo "2374"]
[PlyCount "76"]
[EventDate "2022.11.12"]
[EventRounds "9"]
[EventCountry "CZE"]

1. e4 c6 2. d4 d5 3. Nd2 dxe4 4. Nxe4 Bf5 5. Ng3 Bg6 6. Nh3 e6 7. Nf4 Bd6 8. c3 Nf6
9. h4 Bxf4 10. Bxf4 h6 11. h5 Bh7 12. Qb3 Qb6 13. Qa3 Nbd7 14. Bd6 Rc8 15. b4 a6
16. Be2 Qd8 17. c4 Nb6 18. Be5 O-O 19. Qe3 Qe7 20. a3 Nbd7 21. O-O Rfd8 22. Rad1
b5 23. Rfe1 Nb6 24. Qb3 Nfd7 25. Bf1 Qh4 26. Bd6 Nf6 27. Be7 Rd7 28. Bxf6 Qxf6 29.
c5 Na8 30. Ne4 Bxe4 31. Rxe4 Rcd8 32. Qe3 Nc7 33. Be2 Nd5 34. Qg3 Ne7 35. Rf4 Nf5
36. Qf3 Rxd4 37. Rdxd4 Rxd4 38. g4 Qe5  0-1

[Event "Brno Open 2022 - A IM Round Robin"]
[Site "Bobycentrum hotel, Brno"]
[Date "2022.11.17"]
[Round "7"]
[Board "1"]
[White "Kusa, Jakub"]
[Black "Flasik, Radoslav"]
[Result "1/2-1/2"]
[WhiteElo "2374"]
[BlackElo "2122"]
[PlyCount "94"]
[EventDate "2022.11.12"]
[EventRounds "9"]
[EventCountry "CZE"]

1. d4 d5 2. Nf3 e6 3. g3 Nf6 4. c4 Be7 5. Bg2 O-O 6. O-O dxc4 7. Qc2 a6 8. a4 Bd7
9. Rd1 Bc6 10. Nc3 Bb4 11. Bg5 Bxc3 12. bxc3 Nbd7 13. Re1 h6 14. Bxf6 Qxf6 15. e4
a5 16. Qe2 Nb6 17. Reb1 Nxa4 18. e5 Qe7 19. Qxc4 Nb6 20. Qd3 Bd5 21. Nd2 Bxg2 22.
Kxg2 Qd7 23. Qf3 Qd5 24. Qxd5 exd5 25. Nb3 Nc4 26. Nc5 b6 27. Nd3 c6 28. Nb2 Nxb2
29. Rxb2 Ra6 30. Kf1 Rc8 31. Ke2 Kf8 32. Kd3 Ke7 33. f4 g6 34. g4 b5 35. h4 a4 36.
Rf2 Re8 37. Kc2 Raa8 38. Kb2 h5 39. g5 c5 40. f5 cxd4 41. cxd4 b4 42. fxg6 fxg6 43.
Raf1 Kd7 44. Rf6 Ra7 45. Rb6 b3 46. Ra1 Re6 47. Rxb3 Rc6  1/2-1/2

[Event "Brno Open 2022 - A IM Round Robin"]
[Site "Bobycentrum hotel, Brno"]
[Date "2022.11.17"]
[Round "7"]
[Board "2"]
[White "Meszaros, Andras"]
[Black "Szwed, Jacek"]
[Result "0-1"]
[WhiteElo "2161"]
[BlackElo "2379"]
[PlyCount "54"]
[EventDate "2022.11.12"]
[EventRounds "9"]
[EventCountry "CZE"]

1. e4 e6 2. b3 d5 3. Bb2 Nc6 4. Nc3 Nf6 5. Bb5 d4 6. Nce2 e5 7. Ng3 h5 8. h4 Bg4
9. f3 Bd7 10. Nh3 Ng8 11. Ng5 Be7 12. f4 Bg4 13. Be2 exf4 14. Nxh5 Bxh5 15. Bxh5
Bxg5 16. hxg5 g6 17. Rh3 Rxh5 18. Rxh5 gxh5 19. Qxh5 Qd6 20. O-O-O Nce7 21. Qh3 c5
22. Rf1 Rd8 23. Kb1 Ng6 24. Qh7 N8e7 25. g3 fxg3 26. Qg7 Qe5 27. Qxf7+ Kd7  0-1

[Event "Brno Open 2022 - A IM Round Robin"]
[Site "Bobycentrum hotel, Brno"]
[Date "2022.11.17"]
[Round "7"]
[Board "3"]
[White "Finek, Vaclav"]
[Black "Mannion, Stephen R"]
[Result "1/2-1/2"]
[WhiteElo "2404"]
[BlackElo "2227"]
[PlyCount "89"]
[EventDate "2022.11.12"]
[EventRounds "9"]
[EventCountry "CZE"]

1. d4 d5 2. Nf3 Nf6 3. c4 dxc4 4. e3 e6 5. Bxc4 c5 6. O-O a6 7. b3 Nbd7 8. Bb2 Be7
9. Nbd2 b6 10. Rc1 Bb7 11. Qe2 O-O 12. Bd3 cxd4 13. Nxd4 Nc5 14. Bb1 b5 15. N2f3
Rc8 16. Rfd1 Qb6 17. Ne5 Rfd8 18. h3 Bf8 19. Ndf3 Rxd1+ 20. Rxd1 h6 21. Ng4 Nxg4
22. hxg4 Rd8 23. Bd4 Qd6 24. Rc1 Ne4 25. Ne5 Nf6 26. f4 Be4 27. g5 Bxb1 28. gxf6
Be4 29. fxg7 Bxg7 30. Qg4 f6 31. Nf3 Kh7 32. Nh4 Rg8 33. f5 Bxf5 34. Nxf5 exf5 35.
Qxf5+ Kh8 36. Kf2 Rd8 37. Rc8 Rxc8 38. Qxc8+ Kh7 39. a4 bxa4 40. bxa4 Kg6 41. Qe8+
Kh7 42. Qe4+ Kg8 43. a5 Kf7 44. Qb7+ Kg6 45. Qc8  1/2-1/2

[Event "Brno Open 2022 - A IM Round Robin"]
[Site "Bobycentrum hotel, Brno"]
[Date "2022.11.17"]
[Round "7"]
[Board "4"]
[White "Wiley, Tom E"]
[Black "Pisk, Petr"]
[Result "1/2-1/2"]
[WhiteElo "2116"]
[BlackElo "2328"]
[PlyCount "20"]
[EventDate "2022.11.12"]
[EventRounds "9"]
[EventCountry "CZE"]

1. d4 Nf6 2. c4 e6 3. Nc3 Bb4 4. Qc2 d5 5. cxd5 exd5 6. Bg5 h6 7. Bxf6 Qxf6 8. a3
Bxc3+ 9. Qxc3 c6 10. e3 O-O  1/2-1/2

[Event "Brno Open 2022 - A IM Round Robin"]
[Site "Bobycentrum hotel, Brno"]
[Date "2022.11.17"]
[Round "7"]
[Board "5"]
[White "Nemec, Jachym"]
[Black "Hoefelsauer, Thomas"]
[Result "1/2-1/2"]
[WhiteElo "2341"]
[BlackElo "2349"]
[PlyCount "52"]
[EventDate "2022.11.12"]
[EventRounds "9"]
[EventCountry "CZE"]

1. d4 d5 2. c4 c6 3. Nf3 Nf6 4. e3 a6 5. Nc3 b5 6. cxd5 cxd5 7. Bd3 e6 8. O-O Bb7
9. Qe2 Be7 10. Bd2 O-O 11. a4 b4 12. Na2 a5 13. Nc1 Nbd7 14. Nb3 Qb6 15. Rfc1 Rfc8
16. Bb5 Bc6 17. Bxc6 Rxc6 18. Ne1 Ne4 19. Nd3 Qa6 20. f3 Nd6 21. Rxc6 Qxc6 22. Nbc5
Nxc5 23. Nxc5 Nc4 24. Nd3 b3 25. Bc3 Bd6 26. Qe1 h6  1/2-1/2

[Event "Brno Open 2022 - A IM Round Robin"]
[Site "Bobycentrum hotel, Brno"]
[Date "2022.11.18"]
[Round "8"]
[Board "1"]
[White "Flasik, Radoslav"]
[Black "Hoefelsauer, Thomas"]
[Result "0-1"]
[WhiteElo "2122"]
[BlackElo "2349"]
[PlyCount "60"]
[EventDate "2022.11.12"]
[EventRounds "9"]
[EventCountry "CZE"]

1. e4 c6 2. d4 d5 3. exd5 cxd5 4. Bd3 Nc6 5. c3 Nf6 6. Bf4 g6 7. Qb3 Bg7 8. Nd2 O-O
9. Ngf3 Nh5 10. Bg3 a6 11. a4 Nxg3 12. hxg3 Rb8 13. O-O Bf5 14. Bxf5 gxf5 15. Qc2
e6 16. Qd3 a5 17. Rfe1 Kh8 18. Ne5 Bxe5 19. dxe5 Rg8 20. Nf3 Rg4 21. Qd2 Qb6 22.
Kh2 Rbg8 23. Re2 Qd8 24. Qh6 R8g6 25. Qd2 f4 26. gxf4 Rxg2+ 27. Kh1 R2g4 28. Nh2
Qh4 29. f3 Rxf4 30. b3 Rxf3  0-1

[Event "Brno Open 2022 - A IM Round Robin"]
[Site "Bobycentrum hotel, Brno"]
[Date "2022.11.18"]
[Round "8"]
[Board "2"]
[White "Pisk, Petr"]
[Black "Nemec, Jachym"]
[Result "1/2-1/2"]
[WhiteElo "2328"]
[BlackElo "2341"]
[PlyCount "82"]
[EventDate "2022.11.12"]
[EventRounds "9"]
[EventCountry "CZE"]

1. e4 c5 2. Nf3 d6 3. Nc3 Nf6 4. e5 dxe5 5. Nxe5 Nbd7 6. Nc4 a6 7. a4 e6 8. g3 Nb6
9. b3 Be7 10. Bg2 O-O 11. Nxb6 Qxb6 12. O-O Bd7 13. Re1 Bc6 14. d3 Rad8 15. Bf4 Bxg2
16. Kxg2 Nd7 17. Nd5 exd5 18. Rxe7 Qf6 19. Qe1 Qc6 20. Qe2 h6 21. Re1 g5 22. Bc1
d4+ 23. Kg1 Nf6 24. h4 Rfe8 25. hxg5 hxg5 26. Qd1 Rxe7 27. Rxe7 Rd5 28. Qe1 Qd6 29.
Re2 Rf5 30. Qf1 Kg7 31. Bd2 b5 32. axb5 axb5 33. Qh3 Re5 34. Rxe5 Qxe5 35. Kf1 Qd5
36. Qg2 Kg6 37. Qxd5 Nxd5 38. g4 f5 39. gxf5+ Kxf5 40. f3 Nb4 41. Bxb4 cxb4  1/2-1/2

[Event "Brno Open 2022 - A IM Round Robin"]
[Site "Bobycentrum hotel, Brno"]
[Date "2022.11.18"]
[Round "8"]
[Board "4"]
[White "Szwed, Jacek"]
[Black "Finek, Vaclav"]
[Result "1-0"]
[WhiteElo "2379"]
[BlackElo "2404"]
[PlyCount "85"]
[EventDate "2022.11.12"]
[EventRounds "9"]
[EventCountry "CZE"]

1. e4 c5 2. Nf3 e6 3. d4 cxd4 4. Nxd4 Nc6 5. Nb5 d6 6. c4 Nf6 7. N1c3 a6 8. Na3 Be7
9. Be2 O-O 10. O-O b6 11. Be3 Bb7 12. Qb3 Nd7 13. Rad1 Nc5 14. Qc2 Qb8 15. Nab1 Bd8
16. a3 Bc7 17. b4 Nd7 18. f4 Nf6 19. Na4 Ne7 20. Nac3 Rd8 21. g4 Bc6 22. g5 Ne8 23.
f5 exf5 24. Nd5 Bxd5 25. cxd5 b5 26. exf5 Bb6 27. Bf2 Ra7 28. Qe4 Nc8 29. f6 g6 30.
Rd3 h5 31. Rh3 Rc7 32. Bxh5 Rc4 33. Qd3 Bxf2+ 34. Rxf2 Qa7 35. Bxg6 Rg4+ 36. Kf1
Nxf6 37. Bh7+ Kf8 38. gxf6 Qc7 39. Qd2 Qc4+ 40. Bd3 Qxd5 (40... Ke8 ) 41. Rh8+ Rg8
42. Rxg8+ Kxg8 43. Bh7+  1-0

[Event "Brno Open 2022 - A IM Round Robin"]
[Site "Bobycentrum hotel, Brno"]
[Date "2022.11.18"]
[Round "8"]
[Board "5"]
[White "Kusa, Jakub"]
[Black "Meszaros, Andras"]
[Result "1/2-1/2"]
[WhiteElo "2374"]
[BlackElo "2161"]
[PlyCount "138"]
[EventDate "2022.11.12"]
[EventRounds "9"]
[EventCountry "CZE"]

1. d4 d5 2. c4 dxc4 3. Nf3 c5 4. e3 Nf6 5. Bxc4 e6 6. O-O a6 7. b3 cxd4 8. Nxd4 Be7
9. Bb2 O-O 10. Nd2 Bd7 11. N2f3 Nc6 12. Rc1 Rc8 13. Qe2 Qa5 14. Rfd1 Rfd8 15. a3
Qh5 16. b4 Nxd4 17. Rxd4 Bc6 18. Ne5 Rxd4 19. Qxh5 Nxh5 20. Bxd4 Bd5 21. Bc5 Bxc5
22. Bxd5 exd5 23. Nd7 Nf6 24. Rxc5 Rd8 25. Nxf6+ gxf6 26. Kf1 d4 27. e4 d3 28. Ke1
d2+ 29. Kd1 Rd3 30. Ra5 Kf8 31. f3 Rb3 32. h4 Rb2 33. Rd5 Rb3 34. Rxd2 Rxa3 35. Rd6
Ra2 36. g4 Kg7 37. Ke1 b5 38. h5 Ra3 39. Kf2 a5 40. bxa5 Rxa5 41. Rb6 Ra2+ 42. Kg3
Rb2 43. Kf4 Rb3 44. Rb7 b4 45. Rb6 h6 46. Rc6 Rd3 47. Rc4 b3 48. Rb4 Kf8 49. Rb6
Ke7 50. e5 fxe5+ 51. Kxe5 Rxf3 52. Rxh6 f6+ 53. Ke4 Rc3 54. Rh7+ Ke6 55. Rb7 Rc4+
56. Kf3 Rc3+ 57. Kf4 Rc4+ 58. Kg3 f5 59. Rb6+ Ke5 60. Rb5+ Ke6 61. gxf5+ Kf6 62.
h6 b2 63. h7 Kg7 64. Rb7+ Kh8 65. Kf3 b1=Q 66. Rxb1 Kxh7 67. Rg1 Ra4 68. Ke3 Rb4
69. Kf3 Ra4  1/2-1/2

[Event "Brno Open 2022 - A IM Round Robin"]
[Site "Bobycentrum hotel, Brno"]
[Date "2022.11.19"]
[Round "9"]
[Board "1"]
[White "Meszaros, Andras"]
[Black "Flasik, Radoslav"]
[Result "1/2-1/2"]
[WhiteElo "2161"]
[BlackElo "2122"]
[PlyCount "64"]
[EventDate "2022.11.12"]
[EventRounds "9"]
[EventCountry "CZE"]

1. Nf3 d5 2. c4 e6 3. d4 Nf6 4. Nc3 Be7 5. Bg5 h6 6. Bxf6 Bxf6 7. e3 dxc4 8. Bxc4
O-O 9. O-O Nd7 10. Rc1 c5 11. Ne4 cxd4 12. Nxf6+ Qxf6 13. Qxd4 e5 14. Qc3 Re8 15.
Rfd1 a6 16. Bb3 Nf8 17. Bd5 Re7 18. Qb4 Bf5 19. Be4 Rae8 20. Rd6 Re6 21. Rxe6 Bxe6
22. a4 Rb8 23. Qd6 Rd8 24. Qxe5 Qxe5 25. Nxe5 Rd2 26. Bc2 Nd7 27. Nf3 Rd6 28. Nh4
Bd5 29. Rf1 Re6 30. Bd3 Ne5 31. Bb1 g6 32. Rc1 Bc6  1/2-1/2

[Event "Brno Open 2022 - A IM Round Robin"]
[Site "Bobycentrum hotel, Brno"]
[Date "2022.11.19"]
[Round "9"]
[Board "2"]
[White "Finek, Vaclav"]
[Black "Kusa, Jakub"]
[Result "1/2-1/2"]
[WhiteElo "2404"]
[BlackElo "2374"]
[PlyCount "74"]
[EventDate "2022.11.12"]
[EventRounds "9"]
[EventCountry "CZE"]

1. d4 d5 2. c4 e6 3. Nf3 a6 4. g3 dxc4 5. Bg2 b5 6. Ne5 c6 7. O-O Nf6 8. Bg5 Bb7
9. Nc3 h6 10. Bxf6 gxf6 11. Ng4 f5 12. Ne5 Bg7 13. f4 O-O 14. e3 Qc7 15. g4 c5 16.
gxf5 Bxg2 17. Qg4 f6 18. Qxg2 fxe5 19. dxe5 Qc6 20. f6 Qxg2+ 21. Kxg2 Bxf6 22. exf6
Nd7 23. Ne4 Nxf6 24. Nxc5 Kf7 25. Kf3 Rfc8 26. Ne4 Nxe4 27. Kxe4 c3 28. bxc3 Rc4+
29. Kf3 Rd8 30. a4 bxa4 31. Ra3 Rd3 32. Rfa1 Kf6 33. Rxa4 Rcxc3 34. Re4 Ra3 35. Rxa3
Rxa3 36. Rc4 Ra5 37. Rc6 Ra3  1/2-1/2

[Event "Brno Open 2022 - A IM Round Robin"]
[Site "Bobycentrum hotel, Brno"]
[Date "2022.11.19"]
[Round "9"]
[Board "3"]
[White "Wiley, Tom E"]
[Black "Szwed, Jacek"]
[Result "1/2-1/2"]
[WhiteElo "2116"]
[BlackElo "2379"]
[PlyCount "42"]
[EventDate "2022.11.12"]
[EventRounds "9"]
[EventCountry "CZE"]

1. d4 Nf6 2. c4 e6 3. Nc3 Bb4 4. Qc2 O-O 5. e4 d5 6. e5 Ne4 7. a3 Bxc3+ 8. bxc3 c5
9. Bd3 cxd4 10. cxd4 Qa5+ 11. Kf1 Nc6 12. Ne2 Nb4 13. axb4 Qxa1 14. f3 f5 15. Qb1
Qxb1 16. Bxb1 a5 17. b5 a4 18. fxe4 fxe4+ 19. Ke1 a3 20. Ba2 Bd7 21. Nc3 dxc4  1/2-1/2

[Event "Brno Open 2022 - A IM Round Robin"]
[Site "Bobycentrum hotel, Brno"]
[Date "2022.11.19"]
[Round "9"]
[Board "4"]
[White "Nemec, Jachym"]
[Black "Mannion, Stephen R"]
[Result "1/2-1/2"]
[WhiteElo "2341"]
[BlackElo "2227"]
[PlyCount "49"]
[EventDate "2022.11.12"]
[EventRounds "9"]
[EventCountry "CZE"]

1. d4 d5 2. c4 dxc4 3. e4 e5 4. Nf3 Bb4+ 5. Nc3 exd4 6. Nxd4 Nd7 7. Bxc4 Ngf6 8.
O-O O-O 9. Bg5 Ne5 10. Bb3 c6 11. Rc1 h6 12. Bh4 Ng6 13. Bg3 Bxc3 14. Rxc3 Nxe4 15.
Re3 Nf6 16. Rfe1 Nd5 17. Rd3 Ngf4 18. Rd2 Qf6 19. Bxd5 Nxd5 20. Be5 Qg6 21. Rd3 f6
22. Rg3 Qf7 23. Bd6 Rd8 24. Ba3 Bd7 25. h3  1/2-1/2

[Event "Brno Open 2022 - A IM Round Robin"]
[Site "Bobycentrum hotel, Brno"]
[Date "2022.11.19"]
[Round "9"]
[Board "5"]
[White "Hoefelsauer, Thomas"]
[Black "Pisk, Petr"]
[Result "1/2-1/2"]
[WhiteElo "2349"]
[BlackElo "2328"]
[PlyCount "37"]
[EventDate "2022.11.12"]
[EventRounds "9"]
[EventCountry "CZE"]

1. Nf3 c5 2. c4 Nf6 3. g3 e6 4. Bg2 Nc6 5. O-O Be7 6. d4 cxd4 7. Nxd4 d5 8. Nc3 O-O
9. cxd5 exd5 10. Be3 Re8 11. Rc1 Bg4 12. h3 Be6 13. Na4 Qd7 14. Nxe6 Qxe6 15. b3
Rad8 16. Bc5 h5 17. h4 Ne4 18. Bxe7 Qxe7 19. e3  1/2-1/2

[Event "Brno Open 2022 - B FIDE open"]
[Site "Bobycentrum hotel, Brno"]
[Date "2022.11.12"]
[Round "1"]
[Board "1"]
[White "Soucek, Andrej"]
[Black "Mondrzycki, Bartlomiej"]
[Result "0-1"]
[WhiteElo "1726"]
[BlackElo "2214"]
[PlyCount "100"]
[EventDate "2022.11.12"]
[EventRounds "9"]
[EventCountry "CZE"]

1. e4 c5 2. Nf3 d6 3. Bb5+ Bd7 4. Bxd7+ Nxd7 5. O-O Ngf6 6. Re1 e6 7. c3 Be7 8. d4
O-O 9. Bg5 h6 10. Bh4 Rc8 11. Nbd2 cxd4 12. Nxd4 a6 13. a4 Qb6 14. Qb3 Qxb3 15. N4xb3
g5 16. Bg3 Nh5 17. a5 Rfd8 18. Rad1 Nxg3 19. hxg3 Ne5 20. Re3 Kf8 21. Kf1 Bf6 22.
Nd4 Ng4 23. Rd3 Ne5 24. Re3 Ke7 25. N4f3 Nxf3 26. Nxf3 Rc5 27. Ra1 Rdc8 28. e5 dxe5
29. Re4 Bg7 30. Rb4 R8c7 31. Ke2 f5 32. Rba4 Rb5 33. R1a2 g4 34. Ne1 e4 35. Nc2 Rd7
36. Ne3 Be5 37. Nc4 Bc7 38. Ra1 Kf6 39. b4 Rbd5 40. R4a2 Rd3 41. Rc2 Rd8 42. Ne3
Be5 43. Rac1 Kg5 44. Nc4 Bb8 45. Nd2 e3 46. fxe3 Bxg3 47. c4 h5 48. Nf1 Be5 49. c5
Rb3 50. Rc4 h4  0-1

[Event "Brno Open 2022 - B FIDE open"]
[Site "Bobycentrum hotel, Brno"]
[Date "2022.11.12"]
[Round "1"]
[Board "2"]
[White "Husek, Martin"]
[Black "Loibl, Johann"]
[Result "1-0"]
[WhiteElo "2192"]
[BlackElo "1724"]
[PlyCount "55"]
[EventDate "2022.11.12"]
[EventRounds "9"]
[EventCountry "CZE"]

1. d4 Nf6 2. c4 e5 3. dxe5 Ne4 4. Nf3 Bb4+ 5. Nbd2 Nc6 6. e3 Qe7 7. Be2 Nxe5 8. O-O
Nxd2 9. Nxd2 O-O 10. a3 Bxd2 11. Bxd2 d6 12. Bc3 Bd7 13. Qd4 c5 14. Qf4 Bc6 15. Qg3
f5 16. Rad1 Rad8 17. f4 Ng4 18. Bxg4 fxg4 19. f5 h5 20. Kh1 Qg5 21. h4 Qe7 22. f6
gxf6 23. Rf5 Qh7 24. Qf4 Rde8 25. Bxf6 Rxf6 26. Rxf6 Bxg2+ 27. Kxg2 Qc2+ 28. Kg3
 1-0

[Event "Brno Open 2022 - B FIDE open"]
[Site "Bobycentrum hotel, Brno"]
[Date "2022.11.12"]
[Round "1"]
[Board "3"]
[White "Blazek, Pavel"]
[Black "Glozar, Petr"]
[Result "0-1"]
[WhiteElo "1714"]
[BlackElo "2189"]
[PlyCount "110"]
[EventDate "2022.11.12"]
[EventRounds "9"]
[EventCountry "CZE"]

1. d4 Nf6 2. Bg5 Ne4 3. Bf4 d5 4. Nd2 Bf5 5. c3 e6 6. Qb3 b6 7. Nxe4 Bxe4 8. e3 Bd6
9. Bxd6 Qxd6 10. Ne2 O-O 11. Ng3 Bg6 12. Qd1 c5 13. Bd3 Nc6 14. Bxg6 fxg6 15. O-O
Rad8 16. Qe2 e5 17. dxc5 bxc5 18. e4 d4 19. cxd4 cxd4 20. Qc4+ Kh8 21. Rac1 Rc8 22.
a3 h6 23. Qd3 Rb8 24. b4 Nd8 25. Rc5 Ne6 26. Rd5 Qc7 27. Ne2 g5 28. Rc1 Qf7 29. Rxe5
Qxf2+ 30. Kh1 Rbc8 31. Rg1 Nf4 32. Nxf4 gxf4 33. Rc5 Rxc5 34. bxc5 f3 35. c6 fxg2+
36. Rxg2 Qf6 37. Rc2 Rc8 38. c7 Qf4 39. Qxd4 Qf1+ 40. Qg1 Qf3+ 41. Rg2 Rxc7 42. Qb1
Rd7 43. Qb8+ Kh7 44. h4 Qh3+ 45. Qh2 Qxa3 46. Qf4 Qh3+ 47. Kg1 Rd1+ 48. Kf2 Qd7 49.
Kg3 Rd3+ 50. Kh2 Rh3+ 51. Kg1 Qd1+ 52. Kf2 Qd4+ 53. Kf1 Rh1+ 54. Ke2 Qd1+ 55. Ke3
Re1+  0-1

[Event "Brno Open 2022 - B FIDE open"]
[Site "Bobycentrum hotel, Brno"]
[Date "2022.11.12"]
[Round "1"]
[Board "4"]
[White "Arndt, Stefan"]
[Black "Aird, Ian"]
[Result "1-0"]
[WhiteElo "2176"]
[BlackElo "1710"]
[PlyCount "53"]
[EventDate "2022.11.12"]
[EventRounds "9"]
[EventCountry "CZE"]

1. e4 c6 2. d4 d5 3. exd5 cxd5 4. c4 Nf6 5. Nc3 Nc6 6. Nf3 a6 7. Bg5 Be6 8. Be2 g6
9. Bxf6 exf6 10. O-O Bb4 11. c5 O-O 12. Nb1 Ba5 13. a3 Bc7 14. b4 Qd7 15. Qd2 Kg7
16. Nc3 Rfe8 17. Rfe1 Re7 18. Bf1 Rae8 19. g3 Bf5 20. Rxe7 Rxe7 21. Re1 Rxe1 22.
Nxe1 Qe6 23. Bg2 Ne7 24. Qe3 g5 25. Kf1 g4 26. Qe2 h5 27. Qa2  1-0

[Event "Brno Open 2022 - B FIDE open"]
[Site "Bobycentrum hotel, Brno"]
[Date "2022.11.12"]
[Round "1"]
[Board "6"]
[White "Snasel, Michal"]
[Black "Moskvin, Anatoly"]
[Result "0-1"]
[WhiteElo "1675"]
[BlackElo "2170"]
[PlyCount "62"]
[EventDate "2022.11.12"]
[EventRounds "9"]
[EventCountry "CZE"]

1. e4 e5 2. Nf3 Nc6 3. d4 exd4 4. Bc4 Nf6 5. O-O Nxe4 6. Re1 d5 7. Bxd5 Qxd5 8. Nc3
Qa5 9. Nxe4 Be6 10. Neg5 O-O-O 11. Nxe6 fxe6 12. Rxe6 Bd6 13. Qe2 h6 14. Bd2 Qh5
15. Re1 d3 16. cxd3 Nd4 17. Qe3 Nxe6 18. Qxe6+ Kb8 19. Qc4 Rhe8 20. Be3 a6 21. h3
Qb5 22. Qc2 Qf5 23. Qa4 Qxd3 24. b4 Re4 25. a3 Kc8 26. Kh1 Rc4 27. Rd1 Qc2 28. Qxc2
Rxc2 29. Nd4 Be5 30. f4 Rc3 31. fxe5 Rxe3  0-1

[Event "Brno Open 2022 - B FIDE open"]
[Site "Bobycentrum hotel, Brno"]
[Date "2022.11.12"]
[Round "1"]
[Board "9"]
[White "Jires, Jiri"]
[Black "Krystl, Jaromir"]
[Result "1-0"]
[WhiteElo "2088"]
[BlackElo "1636"]
[PlyCount "59"]
[EventDate "2022.11.12"]
[EventRounds "9"]
[EventCountry "CZE"]

1. e4 e5 2. Nf3 Nc6 3. Bc4 d6 4. Nc3 Be6 5. Bxe6 fxe6 6. d4 exd4 7. Nxd4 Qd7 8. Be3
Nf6 9. Qe2 Be7 10. O-O-O Nxd4 11. Bxd4 a6 12. Rhe1 O-O 13. f3 Qc6 14. e5 Nh5 15.
exd6 Bg5+ 16. Kb1 Nf4 17. Qe5 Bh6 18. dxc7 Rf5 19. Qe4 Qxe4 20. fxe4 Rff8 21. Bc5
Rfe8 22. g3 Ng6 23. e5 Rac8 24. Bb6 Ne7 25. Rd7 Nc6 26. Na4 Rf8 27. a3 Bg5 28. Nc5
Rf7 29. Rxf7 Kxf7 30. Nxb7  1-0